[Event "89th ch-FRA 2014"]
[Site "Nimes FRA"]
[Date "2014.08.21"]
[Round "5.6"]
[White "Sokolov, Andrei1"]
[Black "Dorfman, Iossif"]
[Result "1/2-1/2"]
[WhiteTitle "GM"]
[BlackTitle "GM"]
[WhiteElo "2556"]
[BlackElo "2571"]
[WhiteFideId "627089"]
[BlackFideId "604011"]
[EventDate "2014.08.17"]

1. e4 c6 2. d4 d5 3. Nd2 dxe4 4. Nxe4 Bf5 5. Ng3 Bg6 6. h4 h6 7. Nf3 Nd7 8. h5
Bh7 9. Bd3 Bxd3 10. Qxd3 e6 11. Bf4 Qa5+ 12. Bd2 Bb4 13. Ne4 Ngf6 14. Nd6+ Ke7
15. Nxb7 Bxd2+ 16. Nxd2 Qb4 17. Qb3 Qxd4 18. O-O-O Rab8 19. Qa3+ c5 20. Na5 Rhc8
21. Ndc4 Qxf2 22. Rdf1 Qe2 23. Qg3 Qg4 24. Qd6+ Ke8 25. Rd1 Qg5+ 26. Kb1 Nd5 27.
Rde1 Nc3+ 28. Ka1 Nb5 29. Qa6 Nd4 30. Nd6+ Kf8 31. Nxc8 Nxc2+ 32. Kb1 Na3+ 33.
Ka1 Nc2+ 34. Kb1 Na3+ 35. Ka1 Nc2+ 36. Kb1 Na3+ 37. Ka1 Nc2+ 38. Kb1 Na3+ 39.
Ka1 Nc2+ 40. Kb1 Na3+ 1/2-1/2

[Event "89th ch-FRA 2014"]
[Site "Nimes FRA"]
[Date "2014.08.23"]
[Round "6.1"]
[White "Edouard, Romain"]
[Black "Degraeve, Jean-Marc"]
[Result "1-0"]
[WhiteTitle "GM"]
[BlackTitle "GM"]
[WhiteElo "2680"]
[BlackElo "2566"]
[WhiteFideId "633429"]
[BlackFideId "600270"]
[EventDate "2014.08.17"]

1. d4 Nf6 2. c4 g6 3. g3 Bg7 4. Bg2 O-O 5. Nc3 d6 6. Nf3 Nbd7 7. O-O e5 8. e4
exd4 9. Nxd4 Re8 10. Qc2 c6 11. Rd1 Qe7 12. b3 Nc5 13. f3 a5 14. Be3 d5 15. cxd5
Nxd5 16. Nxc6 bxc6 17. Nxd5 cxd5 18. Bxc5 Qc7 19. exd5 Bxa1 20. Rxa1 Ba6 21. d6
Qd7 22. Rd1 Re2 23. Qc3 Rae8 24. Bf1 Rxa2 25. Bxa6 Qh3 26. Rd2 Re1+ 27. Kf2 Rh1
28. Rxa2 Rxh2+ 29. Ke3 Qe6+ 30. Kd4 Rxa2 31. Qe3 Qf6+ 32. Kd5 Qd8 33. Kc6 Rc2
34. Qe7 Qb8 35. d7 Rd2 36. Qe8+ 1-0

[Event "89th ch-FRA 2014"]
[Site "Nimes FRA"]
[Date "2014.08.23"]
[Round "6.2"]
[White "Cornette, Matthieu"]
[Black "Chabanon, Jean-Luc"]
[Result "1-0"]
[WhiteTitle "GM"]
[BlackTitle "GM"]
[WhiteElo "2533"]
[BlackElo "2485"]
[WhiteFideId "620084"]
[BlackFideId "600075"]
[EventDate "2014.08.17"]

1. Nf3 d5 2. d4 Nf6 3. g3 Bf5 4. c4 c6 5. Nc3 dxc4 6. Ne5 Nbd7 7. Nxc4 Nb6 8.
Ne5 g6 9. Bg2 Bg7 10. O-O O-O 11. e4 Be6 12. f4 Qc8 13. b3 Rd8 14. Ba3 c5 15. d5
Bh3 16. Bxh3 Qxh3 17. Bxc5 Rac8 18. Bd4 e6 19. Rf3 exd5 20. g4 Qh4 21. Bf2 dxe4
22. Qf1 Qh6 23. g5 Qh5 24. Rh3 Rxc3 25. Rxc3 Ng4 26. Rh3 Nxe5 27. Rxh5 Nf3+ 28.
Kg2 Nd5 29. Rd1 Nxf4+ 30. Kh1 Nd3 31. Bxa7 gxh5 32. Qe2 Bd4 33. Rxd3 exd3 34.
Qxd3 Rc8 35. Qxf3 Rc1+ 36. Kg2 Rc2+ 37. Kf1 Bxa7 38. a4 Rc1+ 39. Ke2 Rc2+ 40.
Kd3 Rc6 41. b4 h4 42. Qd5 Bg1 43. b5 Rg6 44. Qg2 Rd6+ 45. Kc2 Be3 46. Qxb7 Bxg5
47. b6 Rd2+ 48. Kc3 Ra2 49. Kb3 Ra1 50. Qe4 1-0

[Event "89th ch-FRA 2014"]
[Site "Nimes FRA"]
[Date "2014.08.23"]
[Round "6.3"]
[White "Roser, Kevin"]
[Black "Maze, Sebastien"]
[Result "0-1"]
[WhiteTitle "IM"]
[BlackTitle "GM"]
[WhiteElo "2400"]
[BlackElo "2565"]
[WhiteFideId "608688"]
[BlackFideId "613762"]
[EventDate "2014.08.17"]

1. e4 Nc6 2. Nf3 g6 3. d4 Bg7 4. Nc3 d6 5. d5 Ne5 6. Nxe5 Bxe5 7. Be2 Bg7 8. O-O
Nf6 9. Bg5 c6 10. Qd2 cxd5 11. exd5 O-O 12. Rfe1 Bf5 13. Bc4 Rc8 14. Bb3 a6 15.
Re2 Re8 16. Rae1 Bg4 17. f3 Bd7 18. Kh1 h5 19. Re3 b5 20. a3 Kf8 21. Qe2 Ng8 22.
Nd1 a5 23. h3 Qc7 24. c3 b4 25. axb4 axb4 26. g4 bxc3 27. Nxc3 Qb6 28. Ba2 Rb8
29. Nd1 Bb5 30. Qd2 Qd4 31. Qxd4 Bxd4 32. Re4 Bf6 33. Bxf6 Nxf6 34. Rd4 Ba6 35.
Rd2 Rb4 36. Kg2 Rc8 37. Re3 h4 38. Rc3 Rcb8 39. Rcc2 Nd7 40. Nc3 Nc5 41. Nd1 Nd3
42. Rc6 Nf4+ 43. Kh2 Be2 0-1

[Event "89th ch-FRA 2014"]
[Site "Nimes FRA"]
[Date "2014.08.23"]
[Round "6.4"]
[White "Bacrot, Etienne"]
[Black "Dorfman, Iossif"]
[Result "1/2-1/2"]
[WhiteTitle "GM"]
[BlackTitle "GM"]
[WhiteElo "2720"]
[BlackElo "2571"]
[WhiteFideId "605506"]
[BlackFideId "604011"]
[EventDate "2014.08.17"]

1. d4 Nf6 2. c4 g6 3. f3 Nc6 4. d5 Ne5 5. e4 d6 6. Nc3 Bg7 7. f4 Ned7 8. Nf3 O-O
9. Be2 e5 10. dxe6 fxe6 11. O-O Nc5 12. e5 dxe5 13. Nxe5 Qe7 14. Be3 c6 15. Qc2
a5 16. Kh1 Nfd7 17. Ng4 e5 18. f5 Rxf5 19. Rxf5 gxf5 20. Qxf5 Nf8 21. Qh5 Bxg4
22. Bxg4 Nd3 23. Bf5 Nf4 24. Qg4 Qb4 25. Ne4 Qxb2 26. Re1 Rd8 27. Bxf4 exf4 28.
Be6+ Kh8 29. Ng5 Re8 30. h4 Qf6 31. Qh5 Qg6 32. Nf7+ Kg8 33. Nh6+ Kh8 34. Nf7+
Kg8 35. Nh6+ Kh8 1/2-1/2

[Event "89th ch-FRA 2014"]
[Site "Nimes FRA"]
[Date "2014.08.23"]
[Round "6.5"]
[White "Gharamian, Tigran"]
[Black "Fressinet, Laurent"]
[Result "0-1"]
[WhiteTitle "GM"]
[BlackTitle "GM"]
[WhiteElo "2657"]
[BlackElo "2708"]
[WhiteFideId "13301527"]
[BlackFideId "608742"]
[EventDate "2014.08.17"]

1. e4 e5 2. Nf3 Nc6 3. Bb5 Nf6 4. d4 exd4 5. O-O a6 6. Ba4 Be7 7. Qe2 O-O 8. e5
Nd5 9. Rd1 Nb6 10. Bxc6 dxc6 11. Rxd4 Qe8 12. Nc3 c5 13. Rd1 Qc6 14. Bg5 Bxg5
15. Nxg5 Bf5 16. g4 Qg6 17. f4 Bxc2 18. Rd2 h6 19. Rxc2 hxg5 20. f5 Qh6 21. Ne4
Nd5 22. Rxc5 Nf4 23. Qe3 Rad8 24. Nf2 Rd7 25. Rac1 c6 26. Re1 Rfd8 27. e6 fxe6
28. fxe6 Re7 29. Re5 Rd6 30. Qc5 Rexe6 31. R1e3 Qg6 32. Rf5 Qe8 33. Rfe5 Rxe5
34. Rxe5 Re6 35. Qc4 b5 36. Rxe6 Qxe6 37. Qxe6+ Nxe6 38. Ne4 c5 39. Kf2 Kf7 40.
Ke3 Ke7 41. a4 Kd7 42. axb5 axb5 43. Nd2 Kd6 44. Ke4 c4 45. Nf3 b4 46. h4 gxh4
47. Nxh4 b3 48. Nf3 c3 49. Kd3 c2 50. Kd2 Kd5 51. Ne1 Nf4 52. Nxc2 bxc2 53. Kxc2
Ng6 0-1

[Event "89th ch-FRA 2014"]
[Site "Nimes FRA"]
[Date "2014.08.23"]
[Round "6.6"]
[White "Bauer, Christian"]
[Black "Sokolov, Andrei1"]
[Result "1-0"]
[WhiteTitle "GM"]
[BlackTitle "GM"]
[WhiteElo "2658"]
[BlackElo "2556"]
[WhiteFideId "603767"]
[BlackFideId "627089"]
[EventDate "2014.08.17"]

1. e4 c5 2. Nf3 e6 3. d4 cxd4 4. Nxd4 Nc6 5. Nc3 Qc7 6. Be3 a6 7. Qd2 Nf6 8.
O-O-O Bb4 9. f3 O-O 10. g4 b5 11. Kb1 Bb7 12. g5 Nh5 13. Nb3 Ne5 14. Qd4 Bxc3
15. Qxc3 Qxc3 16. bxc3 Rac8 17. Nc5 Bc6 18. Be2 d5 19. Rhe1 Nc4 20. Bxc4 bxc4
21. e5 a5 22. Ka1 Ra8 23. Rb1 Rfb8 24. Na6 Rxb1+ 25. Rxb1 Ba4 26. Nc7 Rc8 27.
Rb7 Bxc2 28. Nb5 f6 29. Nd6 Ra8 30. gxf6 gxf6 31. exf6 Nxf6 32. Bd4 Rd8 33. Nf7
Rd7 34. Nh6+ Kf8 35. Rb2 Rg7 36. Rb8+ 1-0

[Event "89th ch-FRA 2014"]
[Site "Nimes FRA"]
[Date "2014.08.24"]
[Round "7.1"]
[White "Sokolov, Andrei1"]
[Black "Roser, Kevin"]
[Result "1-0"]
[WhiteTitle "GM"]
[BlackTitle "IM"]
[WhiteElo "2556"]
[BlackElo "2400"]
[WhiteFideId "627089"]
[BlackFideId "608688"]
[EventDate "2014.08.17"]

1. b3 e5 2. Bb2 Nc6 3. e3 d6 4. d4 exd4 5. exd4 d5 6. Nf3 Nf6 7. Bb5 Bd6 8. O-O
O-O 9. Ne5 Bd7 10. c4 Re8 11. Bxc6 Bxc6 12. Nxc6 bxc6 13. Nd2 Rb8 14. c5 Be7 15.
Nf3 Nd7 16. Qd3 Bf6 17. Bc3 Qc8 18. Rae1 Qb7 19. Bd2 Nf8 20. Bg5 Bxg5 21. Nxg5
h6 22. Nf3 Ng6 23. g3 a5 24. h4 Qa8 25. h5 Nf8 26. Qf5 a4 27. Ne5 Re7 28. Re3
axb3 29. axb3 Rbe8 30. Rfe1 Ne6 31. Nxf7 Rxf7 32. Rxe6 Ref8 33. Qc2 Rxf2 34.
Qxf2 Rxf2 35. Re8+ Rf8 36. Rxa8 Rxa8 37. Re6 Rb8 38. Rxc6 Rxb3 39. Rxc7 Rxg3+
40. Kf2 Rd3 41. Rd7 Rxd4 42. c6 Rc4 43. c7 Kh7 44. Ke3 Re4+ 45. Kd3 Rc4 46. Re7
Rc6 47. Kd4 Rc1 48. Kxd5 Rd1+ 49. Ke6 Rc1 50. Kd7 Rd1+ 51. Ke8 Rc1 52. Kd8 1-0

[Event "89th ch-FRA 2014"]
[Site "Nimes FRA"]
[Date "2014.08.24"]
[Round "7.2"]
[White "Fressinet, Laurent"]
[Black "Cornette, Matthieu"]
[Result "1/2-1/2"]
[WhiteTitle "GM"]
[BlackTitle "GM"]
[WhiteElo "2708"]
[BlackElo "2533"]
[WhiteFideId "608742"]
[BlackFideId "620084"]
[EventDate "2014.08.17"]

1. d4 Nf6 2. Nf3 d5 3. c4 e6 4. Bg5 h6 5. Bxf6 Qxf6 6. Nc3 Bb4 7. Qa4+ Nc6 8. e3
O-O 9. Be2 Bd7 10. Qb3 dxc4 11. Qxc4 Qe7 12. a3 Bd6 13. Ne4 a5 14. O-O a4 15.
Nxd6 cxd6 16. Rac1 b5 17. Qc3 Na5 18. Qb4 Nc6 19. Qd2 Na5 20. Qb4 Nc6 21. Qe1
Rfb8 22. d5 exd5 23. Qd2 Qf6 24. Rc2 d4 25. Nxd4 Nxd4 26. exd4 Bf5 27. Rc7 Be4
28. Rfc1 Qg5 29. Qxg5 hxg5 30. f3 Bd5 31. Rd7 Rb6 32. Bd3 b4 33. axb4 Be6 34.
Rdc7 g6 35. b5 a3 36. bxa3 Rxa3 37. Bf1 Bd5 38. Rd7 Ra4 39. Rd1 Bc4 40. Bxc4
Rxc4 41. Rd2 1/2-1/2

[Event "89th ch-FRA 2014"]
[Site "Nimes FRA"]
[Date "2014.08.24"]
[Round "7.3"]
[White "Maze, Sebastien"]
[Black "Gharamian, Tigran"]
[Result "0-1"]
[WhiteTitle "GM"]
[BlackTitle "GM"]
[WhiteElo "2565"]
[BlackElo "2657"]
[WhiteFideId "613762"]
[BlackFideId "13301527"]
[EventDate "2014.08.17"]

1. e4 c6 2. d4 d5 3. Nc3 dxe4 4. Nxe4 Nd7 5. Bc4 Ngf6 6. Nxf6+ Nxf6 7. Nf3 Bf5
8. O-O e6 9. a4 a5 10. h3 Be7 11. Re1 O-O 12. c3 Rc8 13. Qb3 Qc7 14. Ne5 Nd5 15.
Bd2 Rfd8 16. Rad1 Bf6 17. Ng4 Be7 18. Ne5 Bf6 19. Bc1 c5 20. f4 Nb6 21. d5 Bxe5
22. Rxe5 Bc2 23. Qxc2 Nxc4 24. Rh5 g6 25. Rg5 f6 26. Rg4 Rxd5 27. f5 Rxd1+ 28.
Qxd1 Ne5 29. fxg6 Nxg4 30. Qxg4 hxg6 31. Qxg6+ Qg7 32. Qh5 Qg3 33. Qe2 Kf7 34.
Qh5+ Kg8 35. Qd1 Rf8 36. Bh6 Rf7 37. Qe2 Re7 38. Be3 Qe5 39. Qd3 Kg7 40. Bf2 b6
41. Qd8 Qc7 42. Qd1 Qf4 43. Qd8 Kf7 44. h4 Qc7 45. Qd3 Qf4 46. Qd8 e5 47. Qd5+
Kg7 48. Qd6 Rf7 49. Qe6 e4 50. c4 Qe5 51. Qh3 f5 52. Be1 Kh7 53. h5 f4 54. Bc3
Qf5 55. Qh4 Rd7 56. Kf2 f3 57. g3 e3+ 0-1

[Event "89th ch-FRA 2014"]
[Site "Nimes FRA"]
[Date "2014.08.24"]
[Round "7.4"]
[White "Degraeve, Jean-Marc"]
[Black "Bacrot, Etienne"]
[Result "1/2-1/2"]
[WhiteTitle "GM"]
[BlackTitle "GM"]
[WhiteElo "2566"]
[BlackElo "2720"]
[WhiteFideId "600270"]
[BlackFideId "605506"]
[EventDate "2014.08.17"]

1. e4 e5 2. Nf3 Nc6 3. Bc4 Bc5 4. O-O Nf6 5. d3 O-O 6. Nbd2 d6 7. c3 a6 8. Bb3
h6 9. Re1 Be6 10. Nf1 Bxb3 11. Qxb3 Qd7 12. Be3 Bxe3 13. Nxe3 Ne7 14. Qc2 Rfe8
15. d4 Ng6 16. dxe5 Nxe5 17. Nxe5 Rxe5 18. f3 d5 19. Nxd5 Nxd5 20. exd5 Qxd5 21.
Rxe5 Qxe5 22. Rd1 Re8 23. Qd2 h5 24. h4 b6 25. b3 b5 26. Kf2 Qf6 27. Qd4 Qe7 28.
Kg3 Qe2 29. Qd2 Qe5+ 30. Kf2 Qe7 31. Kg3 Qf6 32. Qd4 Qg6+ 33. Kf2 Qf5 34. Qd5
Qc2+ 35. Qd2 Qf5 36. Qd5 Qc2+ 37. Qd2 Qf5 1/2-1/2

[Event "89th ch-FRA 2014"]
[Site "Nimes FRA"]
[Date "2014.08.24"]
[Round "7.6"]
[White "Dorfman, Iossif"]
[Black "Bauer, Christian"]
[Result "1/2-1/2"]
[WhiteTitle "GM"]
[BlackTitle "GM"]
[WhiteElo "2571"]
[BlackElo "2658"]
[WhiteFideId "604011"]
[BlackFideId "603767"]
[EventDate "2014.08.17"]

1. d4 e6 2. c4 Bb4+ 3. Bd2 a5 4. Nf3 Nf6 5. g3 d5 6. Bg2 O-O 7. O-O Be7 8. Nc3
c6 9. Bf4 Nbd7 10. Ne5 Nh5 11. Bc1 Nhf6 12. Bf4 Nh5 13. Bc1 Nhf6 14. Bf4 Nh5 1/2-1/2

[Event "89th ch-FRA 2014"]
[Site "Nimes FRA"]
[Date "2014.08.25"]
[Round "8.1"]
[White "Edouard, Romain"]
[Black "Fressinet, Laurent"]
[Result "1/2-1/2"]
[WhiteTitle "GM"]
[BlackTitle "GM"]
[WhiteElo "2680"]
[BlackElo "2708"]
[WhiteFideId "633429"]
[BlackFideId "608742"]
[EventDate "2014.08.17"]

1. d4 d5 2. c4 e6 3. Nc3 Be7 4. Bf4 Nf6 5. e3 O-O 6. Nf3 b6 7. Qc2 Bb7 8. Rd1
Na6 9. Be2 Nb4 10. Qb1 dxc4 11. Bxc4 Nbd5 12. Bg5 Nxc3 13. bxc3 Ne4 14. Bxe7
Qxe7 15. Rc1 Ng5 16. Be2 Nxf3+ 17. Bxf3 Bxf3 18. gxf3 c5 19. f4 Rac8 20. O-O Qb7
21. Qd3 Qf3 22. Qd1 Qe4 23. Qd2 Rfd8 24. f3 Qd5 25. Qe2 g6 26. Kg2 Rd7 27. Rfd1
cxd4 28. Rxd4 Qc6 29. Rcd1 Rxd4 30. cxd4 Qc2 31. Rd2 Qf5 32. Kg3 h5 33. Qd3 Qa5
34. d5 exd5 35. Qxd5 Qc3 36. Qd7 Rf8 37. Qd4 Rc8 38. Qd7 Rf8 39. Qd4 Rc8 1/2-1/2

[Event "89th ch-FRA 2014"]
[Site "Nimes FRA"]
[Date "2014.08.25"]
[Round "8.2"]
[White "Bacrot, Etienne"]
[Black "Bauer, Christian"]
[Result "1/2-1/2"]
[WhiteTitle "GM"]
[BlackTitle "GM"]
[WhiteElo "2720"]
[BlackElo "2658"]
[WhiteFideId "605506"]
[BlackFideId "603767"]
[EventDate "2014.08.17"]

1. e4 e6 2. d4 d5 3. Nc3 Bb4 4. e5 c5 5. a3 Ba5 6. b4 cxd4 7. Nb5 Bb6 8. Nd6+
Kf8 9. f4 Nc6 10. Nf3 Nh6 11. Bd3 a6 12. Bb2 Bc7 13. Nxd4 Bxd6 14. exd6 Qxd6 15.
O-O Nf5 16. Nxf5 exf5 17. a4 Nxb4 18. Ba3 a5 19. Qe1 Qb6+ 20. Kh1 d4 21. Rb1 Bd7
22. Bxb4+ axb4 23. Rxb4 Qd6 24. Rxb7 g6 25. a5 Bc6 26. Rb6 Qd5 27. Qb4+ Kg7 28.
Rg1 Rhc8 29. a6 Ra7 30. Be2 Rd7 31. h3 Qa2 32. Qb2 Qxb2 33. Rxb2 Be4 34. Ra1 Ra7
35. Ra4 Bxc2 36. Rxd4 Be4 37. Rc4 Rd8 38. Rcb4 h5 39. Kg1 Bd3 40. Rd2 Bxe2 41.
Rxd8 Rxa6 42. Rd2 Re6 43. Kf2 Ba6 44. h4 Rc6 1/2-1/2

[Event "89th ch-FRA 2014"]
[Site "Nimes FRA"]
[Date "2014.08.25"]
[Round "8.3"]
[White "Gharamian, Tigran"]
[Black "Sokolov, Andrei1"]
[Result "1-0"]
[WhiteTitle "GM"]
[BlackTitle "GM"]
[WhiteElo "2657"]
[BlackElo "2556"]
[WhiteFideId "13301527"]
[BlackFideId "627089"]
[EventDate "2014.08.17"]

1. e4 c5 2. Nf3 e6 3. d4 cxd4 4. Nxd4 Nc6 5. Nc3 Qc7 6. Be3 a6 7. Qd2 Nf6 8.
O-O-O Bb4 9. f3 O-O 10. g4 b5 11. g5 Nh5 12. Kb1 Bb7 13. a3 Be7 14. Nde2 d5 15.
exd5 Rad8 16. Ng3 exd5 17. Bf2 g6 18. Nxh5 gxh5 19. Bg3 Bd6 20. Bd3 Ne5 21. Bxe5
Bxe5 22. Ne2 d4 23. Rhf1 Rfe8 24. f4 Bg7 25. Ng3 h4 26. Nh5 Kh8 27. Rde1 h3 28.
Qf2 Bg2 29. Nxg7 1-0

[Event "89th ch-FRA 2014"]
[Site "Nimes FRA"]
[Date "2014.08.25"]
[Round "8.4"]
[White "Cornette, Matthieu"]
[Black "Maze, Sebastien"]
[Result "1/2-1/2"]
[WhiteTitle "GM"]
[BlackTitle "GM"]
[WhiteElo "2533"]
[BlackElo "2565"]
[WhiteFideId "620084"]
[BlackFideId "613762"]
[EventDate "2014.08.17"]

1. e4 c5 2. Nf3 Nc6 3. d4 cxd4 4. Nxd4 g6 5. Nc3 Bg7 6. Be3 Nf6 7. Nxc6 bxc6 8.
e5 Nd5 9. Nxd5 cxd5 10. Qxd5 Rb8 11. Bxa7 Rxb2 12. Bd4 Rxc2 13. Bd3 e6 14. Qa8
Rc6 15. O-O O-O 16. Bb5 Ba6 17. Qxd8 Rxd8 18. Bxc6 Bxf1 19. Kxf1 dxc6 20. Bc3
Rd3 21. Rc1 Rd5 22. Re1 Rc5 23. Bb4 Rc2 24. Re2 Rc1+ 25. Re1 Rc2 26. Re2 Rc1+
27. Re1 Rc2 1/2-1/2

[Event "89th ch-FRA 2014"]
[Site "Nimes FRA"]
[Date "2014.08.25"]
[Round "8.5"]
[White "Degraeve, Jean-Marc"]
[Black "Chabanon, Jean-Luc"]
[Result "1-0"]
[WhiteTitle "GM"]
[BlackTitle "GM"]
[WhiteElo "2566"]
[BlackElo "2485"]
[WhiteFideId "600270"]
[BlackFideId "600075"]
[EventDate "2014.08.17"]

1. e4 c5 2. Nf3 d6 3. d4 cxd4 4. Qxd4 Nc6 5. Bb5 Bd7 6. Bxc6 Bxc6 7. Nc3 Nf6 8.
Bg5 e6 9. Qd3 Be7 10. Nd4 Qa5 11. Bd2 Qc7 12. O-O-O O-O 13. f4 Rfd8 14. Rhe1 Be8
15. g4 Nd7 16. g5 Nc5 17. Qf3 b5 18. Ncxb5 Qb7 19. Nc3 Rdb8 20. b3 a5 21. Nb1 a4
22. b4 a3 23. Re3 Ba4 24. Nxa3 Be8 25. Rde1 Nxe4 26. Qxe4 Qxe4 27. Rxe4 Rxa3 28.
Nxe6 d5 29. Re5 f6 30. Rxd5 Rxa2 31. Nxg7 Ra1+ 32. Kb2 Rxe1 33. Nxe8 Re2 34.
Nxf6+ Kf7 35. b5 Rd8 36. Rxd8 Bxd8 37. Bc3 Rxh2 38. Nd5 Ke6 39. Ne3 Re2 40. Bd4
Bc7 41. f5+ Kd7 42. g6 hxg6 43. fxg6 Ke6 44. g7 Kf7 45. b6 Bxb6 46. Bxb6 Kxg7
47. Kb3 Kf7 48. Kb4 Ke6 49. Kb5 Kd7 50. Bd4 Kc7 51. c4 Kb7 52. c5 Re1 53. c6+
Kc8 54. Nd5 Re6 55. Be3 Re5 56. Kc5 Rf5 57. Kd6 Rf8 58. Nb6+ 1-0

[Event "89th ch-FRA 2014"]
[Site "Nimes FRA"]
[Date "2014.08.25"]
[Round "8.6"]
[White "Roser, Kevin"]
[Black "Dorfman, Iossif"]
[Result "1/2-1/2"]
[WhiteTitle "IM"]
[BlackTitle "GM"]
[WhiteElo "2400"]
[BlackElo "2571"]
[WhiteFideId "608688"]
[BlackFideId "604011"]
[EventDate "2014.08.17"]

1. e4 c6 2. d4 d5 3. Nc3 dxe4 4. Nxe4 Bf5 5. Ng3 Bg6 6. h4 h6 7. Nf3 Nd7 8. h5
Bh7 9. Bd3 Bxd3 10. Qxd3 e6 11. Bd2 Ngf6 12. O-O-O Be7 13. Ne4 Qb6 14. Nxf6+
Bxf6 15. Bf4 Rd8 16. c3 O-O 17. Qc2 Rfe8 18. Kb1 c5 19. d5 Nf8 20. Rhe1 exd5 21.
Rxe8 Rxe8 22. Rxd5 Ne6 23. Be3 Rd8 24. Rxd8+ Qxd8 25. Qd2 Qb6 26. Nh2 Qb5 27. f3
c4 28. Ng4 Be7 29. Bxa7 Qf5+ 30. Qc2 Qxh5 31. a3 Qb5 32. Ne3 Bxa3 33. Kc1 Bd6
34. Qe4 Bf4 35. Kb1 Qa4 36. Qxb7 Bxe3 37. Bxe3 Qd1+ 38. Ka2 Qa4+ 39. Kb1 Qd1+
40. Ka2 Qa4+ 1/2-1/2

[Event "89th ch-FRA 2014"]
[Site "Nimes FRA"]
[Date "2014.08.26"]
[Round "9.1"]
[White "Chabanon, Jean-Luc"]
[Black "Bacrot, Etienne"]
[Result "0-1"]
[WhiteTitle "GM"]
[BlackTitle "GM"]
[WhiteElo "2485"]
[BlackElo "2720"]
[WhiteFideId "600075"]
[BlackFideId "605506"]
[EventDate "2014.08.17"]

1. d4 Nf6 2. c4 g6 3. Nc3 Bg7 4. e4 d6 5. Nf3 O-O 6. Be2 e5 7. dxe5 dxe5 8. Qxd8
Rxd8 9. Nd5 Nxd5 10. cxd5 c6 11. Bc4 b5 12. Bb3 Bb7 13. Bg5 Rd7 14. Rc1 a5 15.
Ke2 a4 16. dxc6 Nxc6 17. Bd5 Nd4+ 18. Nxd4 exd4 19. Rc5 h6 20. Bd2 d3+ 21. Kxd3
Rad8 22. Kc2 Bxd5 23. exd5 Rxd5 24. Rxd5 Rxd5 25. Bc3 Rg5 26. g3 Rf5 27. f4 Rc5
28. a3 g5 29. fxg5 hxg5 30. Rd1 Bxc3 31. bxc3 Kg7 32. Rd4 f5 33. Kd3 Kf6 34.
Rd6+ Ke5 35. Rg6 Rd5+ 36. Ke2 g4 37. Rb6 f4 38. gxf4+ Kxf4 39. Rf6+ Rf5 40. Rh6
Rc5 41. Rf6+ Kg5 42. Rb6 Rxc3 43. Rxb5+ Kh4 44. Kf2 Rxa3 45. Ra5 Rf3+ 46. Kg2 a3
47. Ra8 Rc3 48. Rh8+ Kg5 49. Ra8 Rd3 50. Ra7 Kf4 51. Ra4+ Kf5 52. Ra5+ Ke4 53.
Ra4+ Kd5 54. Kf2 Kc5 55. Ke2 Kb5 56. Ra8 Rh3 57. Kd1 Kb4 58. Rg8 a2 0-1

[Event "89th ch-FRA 2014"]
[Site "Nimes FRA"]
[Date "2014.08.26"]
[Round "9.2"]
[White "Fressinet, Laurent"]
[Black "Degraeve, Jean-Marc"]
[Result "1/2-1/2"]
[WhiteTitle "GM"]
[BlackTitle "GM"]
[WhiteElo "2708"]
[BlackElo "2566"]
[WhiteFideId "608742"]
[BlackFideId "600270"]
[EventDate "2014.08.17"]

1. e4 e5 2. Nf3 Nf6 3. Nc3 Nc6 4. Be2 Bb4 5. Nd5 Nxe4 6. O-O Nf6 7. Nxb4 Nxb4 8.
Nxe5 d6 9. a3 Nbd5 10. Nf3 O-O 11. Re1 Re8 12. h3 Nf4 13. Bf1 Rxe1 14. Qxe1 Bd7
15. d3 Ne6 16. Ng5 Nxg5 17. Bxg5 h6 18. Bd2 Qe8 19. Qe3 Qxe3 20. fxe3 a5 21. e4
Be6 22. Re1 Nd7 23. d4 f6 24. a4 Kf8 25. b3 c5 26. Be3 Rc8 27. d5 Bf7 28. Bb5
Ke7 29. Bf4 Ne5 30. Kf2 Be8 31. Bxe5 fxe5 32. Bxe8 Rxe8 33. Re3 Rf8+ 34. Rf3
Rxf3+ 35. Kxf3 h5 36. c4 g5 37. g4 h4 38. Ke2 Kd7 39. Kd3 Kc7 40. Kc2 Kd7 1/2-1/2

[Event "89th ch-FRA 2014"]
[Site "Nimes FRA"]
[Date "2014.08.26"]
[Round "9.3"]
[White "Sokolov, Andrei1"]
[Black "Cornette, Matthieu"]
[Result "1/2-1/2"]
[WhiteTitle "GM"]
[BlackTitle "GM"]
[WhiteElo "2556"]
[BlackElo "2533"]
[WhiteFideId "627089"]
[BlackFideId "620084"]
[EventDate "2014.08.17"]

1. e4 c5 2. Nf3 Nc6 3. Bb5 g6 4. Bxc6 bxc6 5. O-O Bg7 6. Re1 Nf6 7. Nc3 O-O 8.
b3 Nh5 9. Bb2 e5 10. a3 d6 11. b4 Rb8 12. Bc1 f5 13. d3 fxe4 14. Nxe4 cxb4 15.
axb4 d5 16. Nc5 Rxb4 17. Rxa7 Qb6 18. Rxg7+ Nxg7 19. Ba3 Qxc5 20. Qd2 Rxf3 21.
gxf3 Rg4+ 22. fxg4 Qxa3 23. h3 Ne6 24. Rxe5 Qa1+ 25. Re1 Qf6 26. Qb4 Qf8 27.
Qxf8+ Kxf8 28. Kg2 g5 29. Kg3 Kf7 30. Ra1 Bd7 31. h4 h6 32. hxg5 hxg5 33. f3 Kf6
34. Ra7 Be8 35. Kf2 Ke5 36. c3 c5 37. d4+ Kd6 38. Ke3 Bb5 39. Rh7 Ba4 40. Rh6 c4
41. Rf6 Bc2 42. Rf7 Bd3 43. Kd2 Nf4 44. Rf8 Ke7 45. Rg8 Bg6 46. Ra8 Bf7 47. Ra7+
Kf6 48. Ra6+ Be6 49. Ra7 Nd3 50. Rb7 Nf4 51. Ra7 Ng6 52. Ke3 Nh8 53. Kd2 Nf7 54.
Ra1 Nd6 55. Ra7 Bf7 56. Ra6 Ke6 1/2-1/2